| 000 | 01643nam a22004457a 4500 | ||
|---|---|---|---|
| 001 | 000095373 | ||
| 003 | CHAP | ||
| 005 | 20220329143107.0 | ||
| 008 | 060310d2006 mx r 00110 spa d | ||
| 010 | _a91839 | ||
| 011 | _a92811 | ||
| 035 | _a103377 | ||
| 040 | _cCHAP | ||
| 090 | _aTesis | ||
| 100 | 0 | 0 |
_aGarcía Muñoz, José Pablo. _946354 |
| 245 | 1 | 0 |
_aTransferencia de tecnología agrícola para el campo cañero / _c/por José Pablo García Muñoz. |
| 260 |
_aChapingo, Méx. : _bEl autor, _c2006. |
||
| 300 | _a209 h. | ||
| 502 | _aTesis (M. C. en Ciencias en Sociología Rural) - - UACH. Departamento de Sociología Rural | ||
| 590 |
_aALEPH _b10 _c20130110 _lUCH01 _h1510 |
||
| 590 |
_aBATCH-UPD _b10 _c20130110 _lUCH01 _h1102 |
||
| 590 |
_aBATCH-UPD _b10 _c20130410 _lUCH01 _h0655 |
||
| 590 |
_aBATCH-UPD _b10 _c20130914 _lUCH01 _h0057 |
||
| 590 |
_aBATCH-UPD _b10 _c20130914 _lUCH01 _h2051 |
||
| 590 |
_aBATCH-UPD _b10 _c20140324 _lUCH01 _h1454 |
||
| 590 |
_aBATCH-UPD _b10 _c20141002 _lUCH01 _h0829 |
||
| 590 |
_aCONVERSION _b10 _c20130109 _lUCH01 _h1351 |
||
| 590 |
_aE12093SGE _b10 _c20130603 _lUCH01 _h1227 |
||
| 650 | 1 | 4 |
_aAgricultura _xInnovaciones tecnológicas. _91565 |
| 650 | 1 | 4 |
_aAgricultura _xTransferencia de tecnología. _91885 |
| 650 | 1 | 4 |
_aCaña de azúcar _xRendimiento. _918643 |
| 650 | 1 | 4 |
_aTransferencia de tecnología. _9114619 |
| 856 |
_3Finding aid _uhttp://10.13.5.2/tesis/103377.pdf _zTeclea aquí |
||
| 901 | _aBK | ||
| 905 | _aLilia | ||
| 942 | _cCD | ||
| 942 | _n0 | ||
| 949 |
_aTesis _bBC _cTES _d33724000981122 _eTS1 _h44814 _i103377 _sb |
||
| 949 |
_aTesis _bBC _cTES _d33724000981189 _eTS2 _fc.2 _h44815 _i103377 _sb |
||
| 999 |
_c91839 _d91839 |
||